00607naa a22001337i 45000010005000000030009000050050017000140080041000310400029000720410008001011000115001092450086002247730163003108854KOSZ 00520180416123213.0180308s2000 pl |||f| ||||0|| 0 pol  cKOSZ 005/HRaKOSZ 005/HR0 apol1 aZALESKA, Beata.bPolitechnika Koszalińska - Wydział Nauk Ekonomicznych,cKatedra Rachunkowości.d1996 - .10aKalkulacja kosztu jednostkowego w jednostkach służby zdrowia /cBeata Zaleska.0 iW :tMateriały konferencyjne nt. "Nowoczesne instrumenty finansowo-rachunkowe w zarządzaniu organizacją gospodarczą". -dKoszalin, 2000. -gs. 135-140.